Statistieken voor Landen die starten met een G

Klik hier om de quiz te nemen!

Algemene statistieken

  • Deze quiz is 36 keer genomen
  • De gemiddelde score is 7 van 10

Antwoordstatistieken

Land% Correct
Griekenland
84%
Georgië
80%
Ghana
80%
Gambia
76%
Guinee
72%
Gabon
68%
Guatemala
68%
Guinee-Bissau
64%
Guyana
56%
Grenada
52%

Scoreverdeling

Percentiel versus Aantal Correcte Antwoorden

Procent van Mensen met Elke Score

Uw Scoregeschiedenis

U heeft deze quiz nog niet genomen